000 01027nam a22002417a 4500
999 _c3525
_d3525
003 AR-CdUCM
008 190306b ||||| |||| 00| 0 spa d
020 _a8472325113
040 _aMUNICIPALIDAD PROVINCIAL DEL CUSCO
_cBIBLIOTECA MUNICIPAL DEL CUSCO
082 _a869.26 /
_bM84
100 _aMontiel, Luis
_911552
245 _aCon los ojos de Perséfone :
_buna lectura de Ernesto Sábato /
260 _aMadrid :
_bEdiciones de Cultura Hispánica,
_c1989.
300 _a95 páginas ;
_c23.5 cm.
440 _aCuadernos de Documentación
_n : 2
_911553
505 _aContenido: Al lector, ante el jeroglífico (a modo de introdución) -- Si un día, o una noche, un demonio -- El infierno del autoconocimiento -- Con los ojos de Perséfone ...
650 _aAutores argentinos - Siglo XX
_911554
650 _aAnálisis y discurso
_911555
650 _aErnesto Sábato - Crítica e interpretación
_911556
710 _a.Instituto de Cooperación Iberoamericana
_94266
942 _2ddc
_cLIBROS
945 _alccs